000 00343nam a2200133Ia 4500
999 _c7514
_d7514
008 191201s2011 xx 000 0 und d
020 _a9788131808412
100 _aBali, N P
245 2 _aA Text book Engineering Mathematics Sem II
260 _c2011
_bLaxmi Publications
_aN.Delhi
300 _a210
650 _aAPPLIED
942 _2ddc
_cBB
_019